Statistics for US States That Border The Ocean

Click here to take the quiz!

General Stats

  • This quiz has been taken 50 times
  • The average score is 21 of 23

Answer Stats

State % Correct
New York
100%
Washington
98%
California
98%
Delaware
96%
Florida
96%
New Jersey
96%
Oregon
96%
South Carolina
94%
Rhode Island
94%
Texas
94%
North Carolina
94%
Georgia
94%
Maryland
92%
Maine
92%
Virginia
92%
New Hampshire
92%
Connecticut
92%
Alabama
90%
Alaska
90%
Hawaii
90%
Massachusetts
90%
Louisiana
88%
Mississippi
85%

Score Distribution

Percentile by Number Answered

Percent of People with Each Score

Your Score History

You have not taken this quiz